| 000 | 01015pam a2200289 a 4500 | ||
|---|---|---|---|
| 999 |
_c5009 _d5009 |
||
| 001 | 633972 | ||
| 003 | GZU | ||
| 005 | 20210325160623.0 | ||
| 008 | 930421s1994 njua 001 0 eng | ||
| 010 | _a 93013668 | ||
| 020 | _a0130688347 | ||
| 040 |
_aDLC _cDLC |
||
| 050 | 0 | 0 |
_aQA152.2 _b.Y67 1994 |
| 082 | 0 | 0 |
_a512/.9 _220 |
| 100 | 1 |
_aYoshiwara, Katherine, _d1953- |
|
| 245 | 1 | 0 |
_aElementary algebra for college students / _cKatherine Franklin Yoshiwara, Irving Drooyan. |
| 250 | _a8th ed. | ||
| 260 |
_aEnglewood Cliffs, N.J. : _bPrentice Hall, _cc1994. |
||
| 300 |
_aix, 582 p. : _bill. ; _c26 cm. |
||
| 500 | _aDrooyan's name appears first on the previous ed. | ||
| 500 | _aIncludes index. | ||
| 650 | 0 | _aAlgebra. | |
| 700 | 1 | _aDrooyan, Irving. | |
| 906 |
_a7 _bcbu _corignew _d1 _eocip _f19 _gy-gencatlg |
||
| 942 |
_2lcc _cBK _e8th _h152.2Y67 _iKAT _kQA |
||